Tư tưởng giải thoát trong triết học Ấn Độ
Giới thiệu quá trình hình thành, phát triển của tư tưởng giải thoát, phân tích cụ thể nội dung tư tưởng giải thoát trong các trường phái triết học Ấn Độ cổ đại.
Na minha lista:
| Autor principal: | |
|---|---|
| Formato: | Livro |
| Idioma: | Vietnamese |
| Publicado em: |
H.
Chính trị Quốc gia
2008
|
| Edição: | Tái bản, có sửa chữa, bổ sung |
| Assuntos: | |
| Tags: |
Adicionar Tag
Sem tags, seja o primeiro a adicionar uma tag!
|
| Thư viện lưu trữ: | Mạng thư viện Đại học Đà Nẵng |
|---|
| LEADER | 01146aam a22003378a 4500 | ||
|---|---|---|---|
| 001 | 000006157 | ||
| 003 | 2312 | ||
| 005 | 20110901130935.0 | ||
| 008 | 110901s2008 viesd | ||
| 020 | |c 21000đ |d 600b | ||
| 041 | 0 | |a vie | |
| 082 | 1 | 4 | |2 14 |a 181 |
| 084 | |b T550T | ||
| 100 | 1 | |a Doãn Chính | |
| 245 | 1 | 0 | |a Tư tưởng giải thoát trong triết học Ấn Độ |c Doãn Chính |
| 250 | |a Tái bản, có sửa chữa, bổ sung | ||
| 260 | |a H. |b Chính trị Quốc gia |c 2008 | ||
| 300 | |a 202tr. |c 19cm | ||
| 504 | |a Thư mục: tr. 198-200 | ||
| 520 | |a Giới thiệu quá trình hình thành, phát triển của tư tưởng giải thoát, phân tích cụ thể nội dung tư tưởng giải thoát trong các trường phái triết học Ấn Độ cổ đại. | ||
| 650 | 7 | |2 Bộ TK TVQG |a Triết học cổ đại | |
| 651 | 7 | |2 Bộ TK TVQG |a Ấn Độ | |
| 653 | |a Tư tưởng giải thoát | ||
| OWN | |a LSP | ||
| 999 | |a From the UDN01 | ||
| TYP | |a Monograph | ||
| TYP | |a Printed language | ||
| 980 | |a Mạng thư viện Đại học Đà Nẵng | ||